[Event "Dieren op"]
[Site "Dieren"]
[Date "2015.07.21"]
[Round "1"]
[White "Miedema, David"]
[Black "Van der Werve, Paul"]
[Result "1-0"]
[WhiteElo "2356"]
[BlackElo "2143"]
[PlyCount "29"]
[EventDate "2015.07.21"]
[EventType "swiss"]
[EventRounds "9"]
[EventCountry "NED"]
[SourceTitle "CBM 167 Extra"]
[Source "ChessBase"]
[SourceDate "2015.09.14"]
[SourceVersion "1"]
[SourceVersionDate "2015.09.14"]
[SourceQuality "1"]

1. d4 Nf6 2. c4 g6 3. f3 Bg7 4. e4 d6 5. Nc3 0-0 6. Be3 e5 7. Nge2 exd4 8. Nxd4 Nc6 9. Be2 Nxd4 10. Bxd4 Nh5 11. Bxg7 Qh4+ 12. g3 Nxg3 13. Bf6 Qh3 14. Nd5 h5 15. Nf4 1-0